| 000 | 00865nam a22002531 4500 | ||
|---|---|---|---|
| 001 | sa 68005178 | ||
| 003 | DLC | ||
| 005 | 20260227112506.0 | ||
| 008 | 960926s1963 ii b 00010 eng | ||
| 010 | _asa 68005178 //r96 | ||
| 025 | _aPL480:I-E-7614 | ||
| 040 |
_aDLC _cDLC _dDLC |
||
| 043 | _aa-ii--- | ||
| 050 | 0 | 0 |
_aS599.6.I5 _bK3 |
| 100 | 1 | 0 |
_aKanwar, Jaswant Singh, _d1922- |
| 245 | 1 | 0 |
_aSoils of the proposed citrus belt of Punjab, _cby J. S. Kanwar, J. L. Sehgal and D. R. Dhingra. [Edited by Ravinder Kumar Sethi] |
| 260 | 0 |
_aLudhiana, _bAgricultural Information Section, Punjab Agricultural University _c[1963?] |
|
| 300 |
_aii, 56 p. _bmap. _c22 cm. |
||
| 350 | _aRs1.15 | ||
| 650 | 0 |
_aSoils _zIndia _zPunjab (State) |
|
| 650 | 0 |
_aCitrus _zIndia _zPunjab (State) |
|
| 700 | 1 | 0 |
_aSehgal, J. L., _ejoint author. |
| 700 | 1 | 0 |
_aDhingra, D. R., _ejoint author. |
| 999 |
_c80569 _d80569 |
||